[Event "Too tough for me"]
[Site "http://www.queenalice.com/game.php?id=1854729"]
[Date "2025.3.29"]
[Round "-"]
[White "FLeicher"]
[Black "Diego_Silveira"]
[Result "1-0"]
[WhiteElo "2156"]
[BlackElo "2176"]

1. e4 c6 2. d4 d5 3. e5 Bf5 4. Nf3 e6 5. Nc3 Nd7 6. a3 Qb6 7. b3 Rc8 8. Bb2 c5
9. dxc5 Qxc5 10. b4 Qc7 11. Bb5 a6 12. Bxd7+ Qxd7 13. Nd4 Bg6 14. O-O Ne7 15.
Qd2 Nf5 16. Nxf5 Bxf5 17. Rfe1 Be7 18. Rac1 O-O 19. Ne2 h6 20. c4 Rfd8 21. c5
Bg5 22. f4 Be7 23. Ng3 Bg6 24. Bd4 Qb5 25. Re3 Rd7 26. Rf3 a5 27. f5 exf5 28.
Nxf5 Bf8 29. Rcf1 axb4 30. axb4 Ra8 31. e6 fxe6 32. Nxh6+ gxh6 33. Rxf8+ Rxf8
34. Rxf8+ Kxf8 35. Qxh6+ Ke7 36. Qg5+ Kf8 37. Qh6+ Kf7 38. Qg7+ Ke8 39. Qg8+ Ke7
40. Qxg6 Qxb4 41. Bf6+ Kf8 42. Qh6+ Kf7 43. Qg7+ 1-0

[Event "Challenge"]
[Site "http://www.queenalice.com/game.php?id=1854730"]
[Date "2025.3.30"]
[Round "-"]
[White "Diego_Silveira"]
[Black "FLeicher"]
[Result "1/2-1/2"]
[WhiteElo "2140"]
[BlackElo "2169"]

1. Nf3 b6 2. g3 Bb7 3. Bg2 Nf6 4. d4 d5 5. O-O e6 6. c3 Be7 7. Re1 Nbd7 8. Qc2
c5 9. dxc5 Nxc5 10. Nbd2 O-O 11. b3 Rc8 12. Bb2 Rc7 13. Rad1 Bd6 14. c4 Ncd7 15.
Qb1 Re8 16. cxd5 exd5 17. e3 Ne5 18. Nxe5 Bxe5 19. Bxe5 Rxe5 20. Nf3 Re8 21. Nd4
g6 22. Rc1 Ne4 23. Rxc7 Qxc7 24. Rc1 Qd7 25. Qb2 a6 26. Qe2 Rc8 27. Rxc8+ Qxc8
28. Qc2 Qxc2 29. Nxc2 Nc3 30. a3 a5 31. Kf1 Kf8 32. Ke1 Ke7 33. Kd2 Ne4+ 34. Ke2
Kd6 35. f3 Ba6+ 36. Kd1 Nc5 37. b4 Nb3 38. Bh3 Bb5 39. Nd4 Nxd4 40. exd4 axb4
41. axb4 h6 42. Kd2 f6 43. Bc8 Ke7 44. Ke3 Bd7 45. Bb7 Kd6 46. Ba6 g5 47. Bd3
Ke7 48. h4 f5 49. hxg5 hxg5 50. Be2 Kf6 51. Bd3 Ke7 52. Kf2 Kf6 53. Bf1 Ke7 54.
Bd3 Kf6 55. Be2 Ke7 1/2-1/2

[Event "AUTO-MASTER-3269"]
[Site "http://www.queenalice.com/game.php?id=1858990"]
[Date "2025.6.22"]
[Round "1"]
[White "Olipika"]
[Black "Diego_Silveira"]
[Result "0-1"]
[WhiteElo "1913"]
[BlackElo "2143"]

1. c4 c5 2. g3 Nf6 3. Bg2 Nc6 4. Nf3 d5 5. cxd5 Nxd5 6. O-O e5 7. d3 Be7 8. Bd2
O-O 9. Nc3 Nf6 10. h3 Re8 11. Ng5 Nd4 12. Nce4 h6 13. Nf3 Nxf3+ 14. exf3 Qxd3
15. Bc3 Qxd1 16. Raxd1 Nxe4 17. fxe4 Bf6 18. Rd5 b6 19. Re1 Be6 20. Bxe5 Bxd5
21. Bxf6 gxf6 22. e5 Bxg2 0-1

[Event "AUTO-MASTER-3269"]
[Site "http://www.queenalice.com/game.php?id=1858991"]
[Date "2025.6.22"]
[Round "1"]
[White "Diego_Silveira"]
[Black "Olipika"]
[Result "1-0"]
[WhiteElo "2074"]
[BlackElo "1917"]

1. d4 Nf6 2. c4 g6 3. Nc3 Bg7 4. e4 d6 5. Nf3 Bg4 6. Be2 O-O 7. O-O Nbd7 8. Re1
c5 9. d5 b6 10. Rb1 Bxf3 11. Bxf3 Ne5 12. Be2 Nfg4 13. Bxg4 Nxc4 14. Kh1 h5 15.
Bh3 Re8 16. Qc2 Ne5 17. f4 Nd7 18. Bxd7 Qxd7 19. e5 Qg4 20. Qe2 Qf5 21. Qe4 dxe5
22. Qxf5 gxf5 23. fxe5 Red8 24. Bf4 e6 25. d6 Rd7 26. Rbd1 a6 27. Na4 Rb8 28.
Rc1 Kh7 29. b3 Bh6 30. Bxh6 Kxh6 31. Nb2 Kg6 32. Nc4 f6 33. Rcd1 fxe5 34. Nxe5+
1-0

[Event "AUTO-MASTER-3269"]
[Site "http://www.queenalice.com/game.php?id=1859014"]
[Date "2025.6.22"]
[Round "1"]
[White "Diego_Silveira"]
[Black "maurice916"]
[Result "1-0"]
[WhiteElo "2141"]
[BlackElo "1801"]

1. d4 d5 2. c4 Nf6 3. cxd5 Nxd5 4. e4 Nf6 5. Nc3 e6 6. Nf3 b6 7. Bd3 Bb7 8. O-O
Be7 9. e5 Nd5 10. Ne4 Nc6 11. a3 h6 12. Re1 f6 13. exf6 Nxf6 14. Nxf6+ gxf6 15.
Bg6+ Kf8 16. Rxe6 Kg7 17. Nh4 Kf8 18. d5 Ne5 19. Be4 Rg8 20. Bxh6+ Ke8 21. Nf5
Kf7 22. Qh5+ Ng6 23. Rxe7+ Qxe7 24. Nxe7 Kxe7 25. Bxg6 Kd6 26. Bf4+ Ke7 27. Re1+
Kf8 28. Bh6+ 1-0

[Event "AUTO-MASTER-3269"]
[Site "http://www.queenalice.com/game.php?id=1859015"]
[Date "2025.6.22"]
[Round "1"]
[White "maurice916"]
[Black "Diego_Silveira"]
[Result "0-1"]
[WhiteElo "1819"]
[BlackElo "2145"]

1. Nf3 d5 2. b3 c5 3. Bb2 d4 4. e3 Nc6 5. exd4 cxd4 6. Bb5 Bg4 7. d3 Qa5+ 8. Qd2
Qxb5 9. Nxd4 Nxd4 10. Bxd4 e6 11. f3 Bh5 12. O-O Bc5 13. Qe3 Rc8 14. Qe5 Bxd4+
15. Qxd4 Qc5 16. Qxc5 Rxc5 17. c4 Nf6 18. Nd2 O-O 19. d4 Rcc8 20. Rac1 Rfd8 21.
Nb1 Rxd4 22. Nc3 a6 23. Ne2 Rd2 24. Ng3 Bg6 25. a4 Rcd8 26. Rc3 R2d3 27. Rfc1
Rxc3 28. Rxc3 h5 29. Ne2 Rd2 30. Kf2 Rd3 31. Ke1 Rxc3 32. Nxc3 Bc2 33. b4 Kf8
34. Kd2 Bg6 35. b5 axb5 36. cxb5 Ke7 37. f4 Ne4+ 38. Nxe4 Bxe4 39. g3 Kd6 40.
Kc3 Kc5 41. h3 b6 42. g4 hxg4 43. hxg4 f6 44. Kb3 Bf3 45. g5 fxg5 46. fxg5 e5
47. Kc3 Bd1 0-1

[Event "AUTO-MASTER-3271"]
[Site "http://www.queenalice.com/game.php?id=1859743"]
[Date "2025.7.10"]
[Round "1"]
[White "Diego_Silveira"]
[Black "alvm"]
[Result "0-1"]
[WhiteElo "2139"]
[BlackElo "2213"]

1. Nf3 Nf6 2. g3 d5 3. d4 c5 4. c3 cxd4 5. cxd4 Nc6 6. Bg2 g6 7. O-O Bg7 8. Nc3
O-O 9. Re1 Bf5 10. a3 Rc8 11. Bf4 e6 12. Rc1 a6 13. Ne5 Qb6 14. Nxc6 Rxc6 15. b4
Rfc8 16. Na4 Qb5 17. Nc5 a5 18. Qa4 Qxa4 19. Nxa4 axb4 20. axb4 Rxc1 21. Rxc1
Rxc1+ 22. Bxc1 Ne4 23. Nc5 Bxd4 24. Nxb7 Nxf2 25. e3 Nd3 26. exd4 Nxc1 27. b5
Ne2+ 0-1

[Event "AUTO-MASTER-3271"]
[Site "http://www.queenalice.com/game.php?id=1859744"]
[Date "2025.7.10"]
[Round "1"]
[White "alvm"]
[Black "Diego_Silveira"]
[Result "1-0"]
[WhiteElo "2204"]
[BlackElo "2156"]

1. d4 d5 2. c4 c6 3. Nc3 Nf6 4. Nf3 a6 5. cxd5 cxd5 6. Bf4 Nc6 7. e3 Bg4 8. Bd3
e6 9. O-O Bd6 10. Bxd6 Qxd6 11. h3 Bh5 12. Re1 O-O 13. Rc1 Rfe8 14. e4 dxe4 15.
Nxe4 Nxe4 16. Bxe4 Rac8 17. Qd3 Bg6 18. Bxg6 hxg6 19. a3 Red8 20. Red1 Ne7 21.
Rxc8 Rxc8 22. b4 Nd5 23. Ne5 Rc3 24. Qd2 Rxa3 25. Nc4 1-0

[Event "AUTO-MASTER-3271"]
[Site "http://www.queenalice.com/game.php?id=1859745"]
[Date "2025.7.10"]
[Round "1"]
[White "Diego_Silveira"]
[Black "CCapivara"]
[Result "1-0"]
[WhiteElo "2148"]
[BlackElo "2277"]

1. Nf3 d6 2. g3 e5 3. d3 f5 4. Bg2 Nf6 5. c4 Be7 6. O-O O-O 7. Nc3 c6 8. Rb1 Kh8
9. b4 Be6 10. a4 Nbd7 11. Re1 Qe8 12. Ng5 Bg8 13. e4 Qg6 14. exf5 Qxf5 15. Nce4
d5 16. cxd5 Nxd5 17. b5 N7f6 18. bxc6 bxc6 19. Rb7 h6 20. Bh3 Qg6 21. Ne6 Bxe6
22. Bxe6 Nxe4 23. Bxd5 Nxf2 24. Qc2 Nh3+ 25. Kh1 Rf2 26. Qxc6 Qxc6 27. Bxc6 Bf6
28. Be3 Rc2 29. Bg2 Rd8 30. Bxh3 1-0

[Event "AUTO-MASTER-3271"]
[Site "http://www.queenalice.com/game.php?id=1859746"]
[Date "2025.7.10"]
[Round "1"]
[White "CCapivara"]
[Black "Diego_Silveira"]
[Result "1-0"]
[WhiteElo "2318"]
[BlackElo "2146"]

1. e4 c6 2. d4 d5 3. exd5 cxd5 4. Nf3 Nf6 5. Bd3 Nc6 6. O-O Bg4 7. c3 e6 8. Bg5
Be7 9. Nbd2 O-O 10. Qa4 Re8 11. Ne5 Nxe5 12. dxe5 Ne4 13. Bxe7 Qxe7 14. Nxe4
dxe4 15. Bxe4 Be2 16. Rfe1 Ba6 17. Rad1 Red8 18. Rd4 Rxd4 19. cxd4 Rc8 20. g3
Qc7 21. h4 Qc4 22. Qxc4 Rxc4 23. Rd1 Ra4 24. a3 Rc4 25. Rd2 Kf8 26. f4 h6 27.
Kf2 Ke7 28. Ke3 Rc1 29. Rc2 Rxc2 30. Bxc2 b6 31. Bd3 Bb7 32. Be4 Ba6 33. d5 exd5
34. Bxd5 Bf1 35. Kd4 Bb5 36. Bf3 Kd7 37. g4 g6 38. f5 gxf5 39. gxf5 Bf1 40. Be4
1-0

[Event "AUTO-MASTER-3271"]
[Site "http://www.queenalice.com/game.php?id=1859747"]
[Date "2025.7.10"]
[Round "1"]
[White "Diego_Silveira"]
[Black "BeatifulDevil56"]
[Result "1/2-1/2"]
[WhiteElo "2084"]
[BlackElo "2160"]

1. Nf3 Nf6 2. g3 d5 3. c4 dxc4 4. Qa4+ Nc6 5. Qxc4 e5 6. d3 Be6 7. Qa4 Bb4+ 8.
Bd2 Bd6 9. Bg2 O-O 10. O-O Bd7 11. Qb3 b6 12. Nc3 Be6 13. Qa4 Qe8 14. Ng5 Bd7
15. Qh4 h6 16. Nge4 Nxe4 17. Nxe4 Be7 18. Qh5 Rd8 19. Bxh6 gxh6 20. Qxh6 Nd4 21.
Ng5 Bxg5 22. Qxg5+ Kh7 23. Qh5+ Kg8 24. Qg5+ Kh8 25. Qh6+ Kg8 26. Qg5+ 1/2-1/2

[Event "AUTO-OPEN-4606"]
[Site "http://www.queenalice.com/game.php?id=1860751"]
[Date "2025.7.29"]
[Round "1"]
[White "JoseMessias"]
[Black "Diego_Silveira"]
[Result "0-1"]
[WhiteElo "1610"]
[BlackElo "2098"]

1. e4 c6 2. d4 d5 3. e5 Bf5 4. g4 Bg6 5. h4 h6 6. h5 Bh7 7. Bd3 Bxd3 8. Qxd3 e6
9. Nf3 Be7 10. c4 dxc4 11. Qxc4 Nd7 12. Qb3 Qb6 13. Qxb6 Nxb6 14. g5 hxg5 15.
Bxg5 Bxg5 16. Nxg5 Nh6 17. Nc3 O-O-O 18. O-O-O Rhf8 19. Nce4 Nf5 20. Nh7 Rh8 21.
Nhg5 Rd7 22. b3 Nd5 23. Nc5 Re7 24. Nge4 b6 25. Na6 Kb7 26. Nac5+ bxc5 27. dxc5
f6 28. Nd6+ Nxd6 29. exd6 Rd7 30. Rhe1 e5 31. Kb2 Rxh5 32. Rg1 Rh2 33. Rgf1 Ne3
34. Ka3 Nxd1 35. Rxd1 Rxf2 36. Rd3 e4 37. Rd4 f5 38. Rb4+ Kc8 39. Ra4 e3 40. Ra6
Kb7 41. Ra4 e2 42. Rb4+ Ka8 43. Rh4 e1=Q 0-1

[Event "AUTO-OPEN-4606"]
[Site "http://www.queenalice.com/game.php?id=1860752"]
[Date "2025.7.29"]
[Round "1"]
[White "Diego_Silveira"]
[Black "JoseMessias"]
[Result "1-0"]
[WhiteElo "2096"]
[BlackElo "1612"]

1. d4 d5 2. c4 dxc4 3. Nf3 Bg4 4. e3 e6 5. Bxc4 c5 6. O-O Nc6 7. d5 exd5 8. Qxd5
Be6 9. Qxd8+ Rxd8 10. Bxe6 fxe6 11. Nc3 Nb4 12. Ng5 Rd6 13. Nce4 Rc6 14. Rd1 Be7
15. a3 Nc2 16. Rb1 h6 17. Nf3 Nf6 18. Nxf6+ Bxf6 19. Rd2 Nxe3 20. fxe3 O-O 21.
b4 Bc3 22. Rd7 cxb4 23. axb4 Rb6 24. b5 e5 25. Ba3 e4 26. Bxf8 Kxf8 27. Nd4 Ke8
28. Rxg7 a5 29. Rc1 Kf8 30. Rh7 Kg8 31. Rd7 Bb4 32. Rc8+ Bf8 33. Nf5 Rg6 34.
Ne7+ Kf7 35. Nxg6+ Kxg6 36. Rxf8 a4 37. Rxb7 a3 38. Ra7 a2 39. Rxa2 Kg7 40. Rf4
1-0

[Event "AUTO-OPEN-4606"]
[Site "http://www.queenalice.com/game.php?id=1860777"]
[Date "2025.7.29"]
[Round "1"]
[White "andrevillares"]
[Black "Diego_Silveira"]
[Result "1-0"]
[WhiteElo "2160"]
[BlackElo "2129"]

1. d4 d5 2. c4 c6 3. Nc3 Nf6 4. Nf3 a6 5. cxd5 cxd5 6. Bf4 Bf5 7. e3 e6 8. Be2
Bb4 9. O-O O-O 10. Rc1 Nbd7 11. Qb3 Qa5 12. Nb1 Rfc8 13. a3 Bf8 14. Nc3 b5 15.
h3 Ne4 16. Nxe4 Bxe4 17. Ng5 Bg6 18. h4 h6 19. Nf3 1-0

[Event "AUTO-OPEN-4606"]
[Site "http://www.queenalice.com/game.php?id=1860778"]
[Date "2025.7.29"]
[Round "1"]
[White "Diego_Silveira"]
[Black "andrevillares"]
[Result "0-1"]
[WhiteElo "2118"]
[BlackElo "2171"]

1. Nf3 d5 2. c4 Nf6 3. d4 g6 4. cxd5 Nxd5 5. e4 Nf6 6. Nc3 Bg7 7. Bc4 O-O 8. O-O
Nc6 9. d5 Na5 10. Bd3 b6 11. b4 Nb7 12. Bb2 Bg4 13. Re1 Nd6 14. e5 Nf5 15. exf6
Bxf6 16. h3 Bxf3 17. Qxf3 Nd6 18. Rab1 a5 19. b5 Qd7 0-1

[Event "AUTO-OPEN-4606"]
[Site "http://www.queenalice.com/game.php?id=1860795"]
[Date "2025.7.29"]
[Round "1"]
[White "Diego_Silveira"]
[Black "IranSilva"]
[Result "0-1"]
[WhiteElo "2091"]
[BlackElo "2267"]

1. d4 d5 2. c4 c6 3. Nc3 Nf6 4. Bg5 e6 5. e3 Nbd7 6. Rc1 Be7 7. Nf3 O-O 8. Bd3
h6 9. Bh4 dxc4 10. Bxc4 Nd5 11. Bxe7 Qxe7 12. e4 Nxc3 13. bxc3 c5 14. O-O b6 15.
Re1 Bb7 16. d5 exd5 17. exd5 Qd6 18. Qd3 Nf6 19. Rcd1 Rad8 20. Re5 Rde8 21. Rxe8
Rxe8 22. Bb5 Rd8 23. c4 a6 24. Ba4 Bc8 25. Re1 Bd7 26. Bc2 Re8 27. Rxe8+ Bxe8
28. Qe2 b5 29. Bb3 bxc4 0-1

[Event "AUTO-OPEN-4606"]
[Site "http://www.queenalice.com/game.php?id=1860796"]
[Date "2025.7.29"]
[Round "1"]
[White "IranSilva"]
[Black "Diego_Silveira"]
[Result "1-0"]
[WhiteElo "2260"]
[BlackElo "2100"]

1. Nf3 d5 2. d4 c6 3. c4 Nf6 4. e3 a6 5. c5 b5 6. cxb6 Qxb6 7. Bd3 Bg4 8. Nbd2
e6 9. h3 Bh5 10. Qc2 Nbd7 11. O-O Bd6 12. e4 dxe4 13. Bxe4 Nxe4 14. Qxe4 Nf6 15.
Qd3 Bg6 16. Qc4 O-O 17. b3 Rac8 18. Nh4 c5 19. Bb2 cxd4 20. Qxd4 Qxd4 21. Bxd4
Rc2 22. Nc4 Bb4 23. Nxg6 hxg6 24. Rfc1 Rxc1+ 25. Rxc1 Rd8 26. Bb6 Rd5 27. a3 Be7
28. f3 Nd7 29. Bf2 Bg5 30. Rb1 Rd3 31. Kf1 1-0

[Event "AUTO-MASTER-3275"]
[Site "http://www.queenalice.com/game.php?id=1860938"]
[Date "2025.8.2"]
[Round "1"]
[White "tariann"]
[Black "Diego_Silveira"]
[Result "1-0"]
[WhiteElo "2297"]
[BlackElo "2164"]

1. e4 c6 2. d4 d5 3. Nc3 dxe4 4. Nxe4 Bf5 5. Ng3 Bg6 6. Nf3 Nd7 7. Bf4 e6 8. Bd3
Bxd3 9. Qxd3 Ngf6 10. O-O Be7 11. Rad1 O-O 12. c4 b6 13. Ne4 Nxe4 14. Qxe4 Rc8
15. Rfe1 Bf6 16. Ne5 Nxe5 17. dxe5 1-0

[Event "AUTO-MASTER-3275"]
[Site "http://www.queenalice.com/game.php?id=1860939"]
[Date "2025.8.2"]
[Round "1"]
[White "Diego_Silveira"]
[Black "tariann"]
[Result "0-1"]
[WhiteElo "2153"]
[BlackElo "2305"]

1. d4 d5 2. c4 e6 3. Nf3 Nf6 4. g3 c5 5. dxc5 Bxc5 6. a3 O-O 7. b4 Be7 8. c5 Qc7
9. Bb2 Nc6 10. Bg2 Rd8 11. O-O e5 12. Nbd2 Bg4 13. Rc1 d4 14. Nc4 Rd7 15. Qb3
Rad8 16. Rfd1 e4 17. b5 exf3 18. exf3 Be6 19. bxc6 bxc6 20. Nd2 Bxb3 0-1

[Event "AUTO-MASTER-3275"]
[Site "http://www.queenalice.com/game.php?id=1860954"]
[Date "2025.8.2"]
[Round "1"]
[White "IranSilva"]
[Black "Diego_Silveira"]
[Result "1-0"]
[WhiteElo "2274"]
[BlackElo "2082"]

1. Nf3 d5 2. d4 c6 3. e3 Nf6 4. c4 a6 5. Bd3 b5 6. b3 Bg4 7. cxb5 cxb5 8. Ba3
Nc6 9. Qc2 Rc8 10. Qd1 b4 11. Bb2 Qb6 12. Nbd2 e6 13. O-O Bd6 14. h3 Bh5 15. Rc1
O-O 16. Qe2 a5 17. e4 dxe4 18. Nxe4 Nxe4 19. Bxe4 Bf4 20. Rc5 Bg6 21. Bxg6 hxg6
22. Bc1 Nxd4 23. Qe4 Nxf3+ 24. Qxf3 Qxc5 25. Bxf4 Qc2 26. Be5 f6 27. Ba1 Rfd8
28. Re1 e5 29. Qg4 1-0

[Event "AUTO-MASTER-3275"]
[Site "http://www.queenalice.com/game.php?id=1860955"]
[Date "2025.8.2"]
[Round "1"]
[White "Diego_Silveira"]
[Black "IranSilva"]
[Result "0-1"]
[WhiteElo "2108"]
[BlackElo "2252"]

1. d4 d5 2. c4 c6 3. Nf3 e6 4. g3 Nf6 5. Bg2 Bb4+ 6. Bd2 Be7 7. O-O O-O 8. Nc3
Ne4 9. Nxe4 dxe4 10. Ne1 Qxd4 11. Bc3 Qxc4 12. Rc1 Qd5 13. Qc2 Qf5 14. Bxe4 Qh5
15. Ng2 f5 16. Nf4 Qh6 17. Bg2 Bf6 18. Bxf6 Qxf6 19. e4 e5 20. Qc4+ Kh8 21. Nd3
f4 22. gxf4 exf4 23. f3 Be6 24. Qb4 b6 25. Ne5 c5 26. Qc3 Na6 27. a3 Nc7 0-1

[Event "AUTO-MASTER-3275"]
[Site "http://www.queenalice.com/game.php?id=1860966"]
[Date "2025.8.2"]
[Round "1"]
[White "Diego_Silveira"]
[Black "Capixaba789"]
[Result "1-0"]
[WhiteElo "2087"]
[BlackElo "1912"]

1. d4 e5 2. d5 d6 3. c4 f5 4. Nc3 Nf6 5. Bg5 Be7 6. e3 O-O 7. Nf3 Nbd7 8. Be2 e4
9. Nd4 Ne5 10. Ne6 Bxe6 11. dxe6 Qc8 12. Nd5 Qd8 13. Nxe7+ Qxe7 14. O-O Qxe6 15.
Rc1 a6 16. c5 d5 17. b4 c6 18. a4 Kh8 19. Qb3 Rad8 20. b5 axb5 21. axb5 h6 22.
Bf4 Neg4 23. Bd6 Qf7 24. Bxf8 Rxf8 25. f3 Ne5 26. bxc6 bxc6 27. Rb1 exf3 28.
gxf3 Qh5 29. Qc3 Nc4 30. Bxc4 dxc4 31. Qxc4 Nd5 32. Qd4 Qg5+ 33. Kf2 f4 34. e4
Qh4+ 35. Kg1 Rf6 36. exd5 Rg6+ 37. Kh1 Qh3 38. Qf2 cxd5 39. Rg1 Rf6 40. Rb8+ 1-0

[Event "AUTO-MASTER-3275"]
[Site "http://www.queenalice.com/game.php?id=1860967"]
[Date "2025.8.2"]
[Round "1"]
[White "Capixaba789"]
[Black "Diego_Silveira"]
[Result "0-1"]
[WhiteElo "1953"]
[BlackElo "2147"]

1. d4 d5 2. Nc3 Nf6 3. e4 dxe4 4. f3 exf3 5. Be3 fxg2 6. Bxg2 c6 7. Nf3 Bg4 8.
Qd2 e6 9. O-O-O Bb4 10. Bg5 Qa5 11. Kb1 Nbd7 12. h3 Bh5 13. Ne5 O-O-O 14. Rdf1
Nxe5 15. Qe3 Ned7 16. Bf4 Bxc3 17. bxc3 Nd5 18. Bxd5 Qxd5 19. Bh2 Nb6 20. Qg3
Kd7 21. Qxg7 Rdf8 22. Be5 Na4 23. Qg3 Qb5+ 24. Kc1 Qb2+ 25. Kd2 Rhg8 26. Qe3
Rg2+ 0-1